Phương pháp dạy học văn T. 1

Những vấn đề lí luận chung về bộ môn văn học. Phương pháp dạy học các tác phẩm văn học, văn học sử, lí luận văn học, tập làm văn, hoạt động ngoại khoá... trong trường PTTH

সংরক্ষণ করুন:
গ্রন্থ-পঞ্জীর বিবরন
প্রধান লেখক: Phan Trọng Luận
অন্যান্য লেখক: Nguyễn Thanh Hùng (Tác giả)
বিন্যাস: গ্রন্থ
ভাষা:Vietnamese
প্রকাশিত: H. Đại học Quốc gia 2001
বিষয়গুলি:
ট্যাগগুলো: ট্যাগ যুক্ত করুন
কোনো ট্যাগ নেই, প্রথমজন হিসাবে ট্যাগ করুন!
Thư viện lưu trữ: Mạng thư viện Đại học Đà Nẵng
LEADER 01591nam a2200409 4500
001 000004016
003 144
005 20121211001238.0
008 110714s2001 viesd
020 |c 39000 
041 0 |a vie 
082 |a 807  |b PH-L 
100 0 |a Phan Trọng Luận 
245 1 0 |a Phương pháp dạy học văn  |c Phan Trọng Luận( chủ biên), Nguyễn Thanh Hùng  |n T. 1 
260 |a H.  |b Đại học Quốc gia  |c 2001 
300 |a 471tr  |c 21cm 
504 |a T. 1 
520 |a Những vấn đề lí luận chung về bộ môn văn học. Phương pháp dạy học các tác phẩm văn học, văn học sử, lí luận văn học, tập làm văn, hoạt động ngoại khoá... trong trường PTTH 
653 |a Phương pháp giảng dạy 
653 |a phổ thông trung học 
653 |a sách giáo viên 
653 |a văn học 
700 |a Nguyễn Thanh Hùng  |e Tác giả 
773 |t Phương pháp dạy học văn  |w 140 
773 |t Phương pháp dạy học văn  |w 140 
773 |t Phương pháp dạy học văn  |w 701 
910 |a Nguyễn Thị Kim Oanh  |d 14/07/2011 
OWN |a LSP 
AVA |a UDN50  |b LSP  |d 807 PH-L  |e check_holdings  |t Error 5003 Not defined in file expand_doc_bib_avail.  |h N  |k 1 
999 |a From the UDN01 
AVA |a UDN50  |b LSP  |d 807 PH-L  |e available  |t Error 5001 Not defined in file expand_doc_bib_avail.  |f 12  |g 3  |h N  |i 10  |k 1 
TYP |a Monograph 
TYP |a Printed language 
980 |a Mạng thư viện Đại học Đà Nẵng